000 00363nam a2200145 i 4500
001 bg
100 1 _aUR, P.
245 0 _aFive -Minute Activities :
_ba resource book of short activites /
_cP. Ur, A. Wrigth.
260 _aCambridge,
_c1992.
700 1 _aWRIGHT, A.
040 _cBPK
041 _apol
942 _cKS
008 s pl f |000 0 pol
999 _c5478
_d5478
856 _uhttp://koha.tu.koszalin.pl/cgi-bin/koha/opac-detail.pl?biblionumber=5478
_yKatalog online BPK